As regras da vida (Registo nº 27241)

Detalhes MARC
000 -Etiqueta do registo
campo de controlo de comprimento fixo 007150000a22002170004500
001 - Identificador do registo
Campo de controlo 27241
010 ## - ISBN
Número (ISBN) 978-972-23-3687-1
100 ## - Dados Gerais de Proc.
Dados gerais de processamento 20080509d2007 m y0pory5003 ba
101 0# - Língua da publicação
Língua do texto, banda sonora, etc. Português
Língua do documento no original Inglês
102 ## - País de Publicação
País de publicação Portugal
200 1# - Título
Título próprio As regras da vida
Informação de outro título para ser uma pessoa mais feliz, mais tranquila e mais realizada
Primeira menção de responsabilidade Richard Templar
Outras menções de responsabilidade trad. de Ana Saldanha
210 ## - Publicação, Distribuição
Lugar da edição, distribuição, etc. Lisboa
Nome do editor, distribuidor, etc. Presença
Data da publicação, distribuição, etc. 2007
215 ## - Descrição física
Descrição física 238, [1] p
225 2# - Colecção
Título próprio da colecção Orientações
Indicação de volume 37
304 ## - Título e responsabilidade
Texto da nota Tít. orig. : The rules of life.
675 ## - CDU
Notação 171
Edição BN
Língua da edição Português
700 #1 - Responsabilidade principal
Palavra de ordem Templar
Outra parte do nome Richard
702 #1 - Responsabilidade secundária
Koha Internal Code 40653
Palavra de ordem Saldanha
Outra parte do nome Ana
Datas 1959-
Código de função Tradutor
090 ## - Números de controlo do sistema (Koha)
Número biblioitem do Koha (gerado automaticamente) 27241
942 ## - Elementos de entrada adicionados (Koha)
Tipo de item no Koha Monografias
Suprimido Disponível no OPAC
999 ## - Campo local
Campo local 27241
-- Bibliobase - BMTAV
-- 2019-01-21
Exemplares
Removido (estado) Perdido (estado) Data de aquisição Origem do registo (biblioteca) (codificado) Código da organização que empresta ou é detentora (biblioteca) Código de barras Local Número de inventário Cota Data de empréstimo ou depósito Tipo de circulação (não pode ser emprestado) Tipo de item e material
Disponível Disponível 2008-05-09 Biblioteca Municipal Álvaro de Campos Biblioteca Municipal Álvaro de Campos BMTAV44976 Sala de Adultos 44976 C1 TEM 2021-08-18 Normal Monografias